000 00348nam a22001337a 4500
020 _qPB.
040 _cFIZZA ISHAQ
082 _a302.2
_bJOS
100 _aDEVITO,A.JOSEPH.
_9134150
245 _aESSENTIALS OF HUMAN COMMUNICATION /
_cJOSEPH A.DEVITO.
260 _aNEW YORK ;
_bPEARSON,
_c2011.
300 _a357 P. ;
_c10.9X8.3IN
942 _2ddc
_cBK
999 _c617093
_d617093